[Event "10. University wch femenino"]
[Site "Novokuznetsk RUS"]
[Date "2008.03.03"]
[Round "1.17"]
[White "Kharashuta, Ekaterina"]
[Black "Pogonina, Natalija"]
[Result "0-1"]
[WhiteElo "2222"]
[BlackElo "2476"]
[PlyCount "76"]
[EventDate "2008.03.03"]
[EventType "swiss"]
[EventRounds "9"]
[EventCountry "RUS"]
[Source "lmi"]
[SourceDate "2008.03.03"]

1. Nf3 c5 2. c4 Nc6 3. d4 cxd4 4. Nxd4 g6 5. Nc3 Bg7 6. Nc2 Nf6 7. g3 O-O 8.
Bg2 d6 9. O-O Be6 10. b3 Qd7 11. Bb2 Bh3 12. Ne3 Bxg2 13. Kxg2 Rac8 14. Qd2 Ne5
15. h3 Qc6+ 16. Kh2 Rfe8 17. Rac1 a6 18. Ncd5 Nxd5 19. Nxd5 Nd7 20. Bxg7 Kxg7
21. Rfd1 Kg8 22. Qg5 Nf6 23. e3 Nxd5 24. Qxd5 Qb6 25. Rd4 Rc5 26. Qe4 Re5 27.
Qd3 Rc8 28. Rd1 Qc6 29. f4 Rc5 30. g4 b5 31. cxb5 axb5 32. a4 bxa4 33. bxa4 Qf3
34. Rd2 Rc1 35. Rg2 Re1 36. Qe4 Qf1 37. f5 Rc3 38. Qxe7 Qh1+ 0-1

[Event "10. University wch femenino"]
[Site "Novokuznetsk RUS"]
[Date "2008.03.03"]
[Round "1.19"]
[White "Salman, Mahini Mona"]
[Black "Vasilevich, Irina"]
[Result "0-1"]
[WhiteElo "2085"]
[BlackElo "2378"]
[PlyCount "78"]
[EventDate "2008.03.03"]
[EventType "swiss"]
[EventRounds "9"]
[EventCountry "RUS"]
[Source "lmi"]
[SourceDate "2008.03.03"]

1. e4 c5 2. Nf3 e6 3. d4 cxd4 4. Nxd4 Nc6 5. Be3 a6 6. c4 Nf6 7. Nc3 Bb4 8. Bd3
Ne5 9. f3 Qc7 10. O-O Bxc3 11. bxc3 Nxc4 12. Bxc4 Qxc4 13. Nb3 O-O 14. Bc5 Re8
15. Qd4 d5 16. e5 Nd7 17. Bd6 b6 18. Nd2 Qxd4+ 19. cxd4 Bb7 20. Rfc1 Rac8 21.
Bc7 a5 22. Rc3 f6 23. f4 fxe5 24. fxe5 Ba6 25. Rac1 Rf8 26. Rc6 Rf4 27. Rd6 Nf8
28. Rxb6 Rxd4 29. Rxa6 Rxd2 30. Rxa5 Ng6 31. Rf1 h6 32. Ra7 Rc2 33. Bd6 Re2 34.
Bc7 Nxe5 35. a4 Nc4 36. Rb1 Rf8 37. a5 d4 38. Bb6 d3 39. Bc5 d2 0-1

[Event "10. University wch femenino"]
[Site "Novokuznetsk RUS"]
[Date "2008.03.03"]
[Round "1.20"]
[White "Kovanova, Baira"]
[Black "Tashimova, Nadiya"]
[Result "1-0"]
[WhiteElo "2348"]
[BlackElo "2073"]
[PlyCount "103"]
[EventDate "2008.03.03"]
[EventType "swiss"]
[EventRounds "9"]
[EventCountry "RUS"]
[Source "lmi"]
[SourceDate "2008.03.03"]

1. e4 c5 2. Nf3 e6 3. d3 Nc6 4. g3 g6 5. Bg2 Bg7 6. O-O Nge7 7. c3 O-O 8. Be3
d6 9. Qd2 Ne5 10. Nxe5 Bxe5 11. d4 cxd4 12. cxd4 Bg7 13. Nc3 d5 14. e5 Nf5 15.
f4 h5 16. Bf2 Bd7 17. h3 Nh6 18. Bf3 f5 19. Be3 b5 20. Ne2 Qb6 21. Nc1 b4 22.
Nb3 Rfc8 23. Nc5 Rc7 24. Qg2 Re8 25. g4 hxg4 26. hxg4 fxg4 27. Bxg4 Nxg4 28.
Qxg4 Kf7 29. Rf2 Rg8 30. Qg5 Be8 31. Raf1 Kf8 32. Rg2 Rh8 33. Bf2 Rh6 34. Bh4
Kg8 35. Qd8 Qc6 36. Bg5 Rh3 37. Nxe6 Rf7 38. Nc5 Bf8 39. e6 Rfh7 40. Bf6 Bxc5
41. Rxg6+ Kf8 42. Bg7+ Rxg7 43. Qf6+ Rf7 44. Rg8+ Kxg8 45. exf7+ Kh7 46. Qf5+
Kg7 47. dxc5 Qxc5+ 48. Kg2 Re3 49. fxe8=Q Rxe8 50. Rg1 Re7 51. Kf1+ Kh8 52.
Qh5+ 1-0

[Event "10. University wch femenino"]
[Site "Novokuznetsk RUS"]
[Date "2008.03.03"]
[Round "1.21"]
[White "Dagiisuren, Jargalsaikhan"]
[Black "Zhang, Jilin"]
[Result "0-1"]
[WhiteElo "2045"]
[BlackElo "2345"]
[PlyCount "82"]
[EventDate "2008.03.03"]
[EventType "swiss"]
[EventRounds "9"]
[EventCountry "RUS"]
[Source "lmi"]
[SourceDate "2008.03.03"]

1. e4 d6 2. d4 Nf6 3. Bd3 Nbd7 4. Ne2 g6 5. O-O Bg7 6. Kh1 c5 7. c3 O-O 8. f4
cxd4 9. cxd4 e5 10. Nbc3 Ng4 11. h3 exd4 12. Nxd4 Nc5 13. Nf3 Nf6 14. Be3 Re8
15. Qc2 Nxd3 16. Qxd3 Nxe4 17. Nxe4 Bf5 18. Qxd6 Bxe4 19. Qa3 Qd3 20. Rad1 Qxa3
21. bxa3 Bc2 22. Rd2 Rxe3 23. Rxc2 Rd8 24. Rc7 Rxa3 25. Rxb7 Rxa2 26. f5 gxf5
27. Ng5 f4 28. Nxf7 Rf8 29. Ng5 Ra6 30. Re1 Rg6 31. Nf3 a5 32. Ree7 h6 33. Nh4
Rg3 34. Rec7 a4 35. Ra7 a3 36. Nf3 Bb2 37. Ra6 Re8 38. Raa7 Rg6 39. Nh4 Rg5 40.
Rc6 Rg7 41. Nf5 Rxa7 0-1

[Event "10. University wch femenino"]
[Site "Novokuznetsk RUS"]
[Date "2008.03.03"]
[Round "1.22"]
[White "Seps, Monika"]
[Black "Springelkamp, Henriet"]
[Result "0-1"]
[WhiteElo "2264"]
[BlackElo "1992"]
[PlyCount "60"]
[EventDate "2008.03.03"]
[EventType "swiss"]
[EventRounds "9"]
[EventCountry "RUS"]
[Source "lmi"]
[SourceDate "2008.03.03"]

1. e4 c6 2. d4 d5 3. e5 Bf5 4. Nc3 e6 5. g4 Bg6 6. Nge2 f6 7. h4 Bb4 8. Bg2 Nd7
9. h5 Bf7 10. exf6 gxf6 11. a3 Bd6 12. Be3 Qc7 13. Na4 Ne7 14. Qd2 e5 15. f4
Rg8 16. Bh3 Be6 17. dxe5 fxe5 18. f5 Bf7 19. Nac3 d4 20. Ne4 Bd5 21. Nxd6+ Qxd6
22. O-O-O Bxh1 23. Rxh1 Qd5 24. Rd1 dxe3 25. Qxe3 Qc5 26. Qb3 O-O-O 27. Rd3 Nd5
28. Qa4 N7b6 29. Qxa7 Kc7 30. b4 Qf2 0-1

[Event "10. University wch femenino"]
[Site "Novokuznetsk RUS"]
[Date "2008.03.03"]
[Round "1.24"]
[White "Bensdorp, Marlies"]
[Black "Coelho, Tatiane Cristina"]
[Result "1-0"]
[WhiteElo "2259"]
[BlackElo "1799"]
[PlyCount "69"]
[EventDate "2008.03.03"]
[EventType "swiss"]
[EventRounds "9"]
[EventCountry "RUS"]
[Source "lmi"]
[SourceDate "2008.03.03"]

1. d4 Nf6 2. c4 e5 3. dxe5 Ng4 4. Bf4 Bb4+ 5. Nd2 Nc6 6. Ngf3 Qe7 7. a3 Bxd2+
8. Qxd2 Ngxe5 9. Nxe5 Nxe5 10. e3 O-O 11. Be2 d6 12. O-O Ng6 13. Bg3 f5 14.
Rac1 Qg5 15. Qd5+ Kh8 16. Rfd1 Qf6 17. Rc3 Qe6 18. Qd2 b6 19. Bf3 Rb8 20. Bd5
Qe7 21. b4 Bb7 22. Rdc1 Ne5 23. Bxb7 Rxb7 24. c5 Rbb8 25. cxd6 Qxd6 26. Qc2 c5
27. bxc5 bxc5 28. Rxc5 Rbe8 29. h3 Qf6 30. Qc3 Nd7 31. Rc7 Qxc3 32. R1xc3 Nf6
33. Rxa7 Ne4 34. Rcc7 Rg8 35. Bf4 1-0

[Event "10. University wch femenino"]
[Site "Novokuznetsk RUS"]
[Date "2008.03.03"]
[Round "1.25"]
[White "Hemmatizadeh, Nina"]
[Black "Yanjindulam, Dulamsuren"]
[Result "0-1"]
[WhiteElo "1915"]
[BlackElo "2256"]
[PlyCount "58"]
[EventDate "2008.03.03"]
[EventType "swiss"]
[EventRounds "9"]
[EventCountry "RUS"]
[Source "lmi"]
[SourceDate "2008.03.03"]

1. c4 Nf6 2. Nc3 e5 3. g3 Bc5 4. Bg2 O-O 5. Nf3 e4 6. Ng1 Re8 7. Qc2 Qe7 8. e3
c6 9. Nge2 d5 10. cxd5 cxd5 11. d4 Bd6 12. O-O Nc6 13. a3 Bg4 14. Bd2 Rac8 15.
f3 Bh5 16. fxe4 Bxe2 17. Rfe1 Bc4 18. e5 Bxe5 19. dxe5 Nxe5 20. b3 Bd3 21. Qd1
Qd6 22. Bf1 d4 23. exd4 Qxd4+ 24. Kh1 Nfg4 25. Qc1 Nf3 26. Rxe8+ Rxe8 27. Bh3
Qf2 28. Bg2 Qxg3 29. Bf4 Nf2# 0-1

[Event "10. University wch femenino"]
[Site "Novokuznetsk RUS"]
[Date "2008.03.04"]
[Round "2.17"]
[White "Pogonina, Natalija"]
[Black "Dauletova, Gulmira"]
[Result "0-1"]
[WhiteElo "2476"]
[BlackElo "2261"]
[PlyCount "72"]
[EventDate "2008.03.03"]
[EventType "swiss"]
[EventRounds "9"]
[EventCountry "RUS"]
[Source "lmi"]
[SourceDate "2008.03.03"]

1. e4 c5 2. Nf3 d6 3. d4 cxd4 4. Nxd4 Nf6 5. Nc3 g6 6. Be2 Bg7 7. O-O Nc6 8.
Nb3 O-O 9. Re1 Be6 10. Bf1 Rc8 11. Nd5 Ne5 12. Bg5 Nc4 13. Rb1 Re8 14. c3 b5
15. Nxf6+ exf6 16. Bh4 g5 17. Bg3 f5 18. exf5 Bxf5 19. Rxe8+ Qxe8 20. Bd3 Qe6
21. Bxf5 Qxf5 22. Nd4 Bxd4 23. cxd4 Re8 24. b3 Nd2 25. Rc1 Ne4 26. Qf3 Qe6 27.
h4 h6 28. hxg5 hxg5 29. Qd3 Qd5 30. Re1 Re6 31. Rc1 Kg7 32. Bh2 b4 33. Qc4 Qf5
34. Qf1 g4 35. d5 Rh6 36. f3 Qh5 0-1

[Event "10. University wch femenino"]
[Site "Novokuznetsk RUS"]
[Date "2008.03.04"]
[Round "2.18"]
[White "Yanjindulam, Dulamsuren"]
[Black "Wang, Yu A"]
[Result "1-0"]
[WhiteElo "2256"]
[BlackElo "2391"]
[PlyCount "69"]
[EventDate "2008.03.03"]
[EventType "swiss"]
[EventRounds "9"]
[EventCountry "RUS"]
[Source "lmi"]
[SourceDate "2008.03.03"]

1. e4 e5 2. Nf3 Nc6 3. Bb5 a6 4. Ba4 Nf6 5. O-O Be7 6. Re1 b5 7. Bb3 d6 8. c3
O-O 9. h3 Na5 10. Bc2 c5 11. d4 cxd4 12. cxd4 Qc7 13. Nbd2 Bd7 14. Nf1 Rfc8 15.
Ne3 Nc6 16. Bb3 Na5 17. Nd5 Nxd5 18. Bxd5 Bc6 19. b3 exd4 20. Nxd4 Bxd5 21.
exd5 Bf6 22. Bb2 Qc5 23. Rc1 Qxd5 24. Rxc8+ Rxc8 25. Qg4 Rf8 26. Nf5 g6 27.
Nh6+ Kg7 28. Bxf6+ Kxf6 29. Qf4+ Kg7 30. Ng4 Qf5 31. Qd4+ f6 32. Re7+ Kh8 33.
Qxd6 h5 34. Rh7+ Kxh7 35. Qe7+ 1-0

[Event "10. University wch femenino"]
[Site "Novokuznetsk RUS"]
[Date "2008.03.04"]
[Round "2.19"]
[White "Vasilevich, Irina"]
[Black "Bensdorp, Marlies"]
[Result "1/2-1/2"]
[WhiteElo "2378"]
[BlackElo "2259"]
[PlyCount "83"]
[EventDate "2008.03.03"]
[EventType "swiss"]
[EventRounds "9"]
[EventCountry "RUS"]
[Source "lmi"]
[SourceDate "2008.03.03"]

1. e4 e6 2. Qe2 c5 3. Nf3 Nc6 4. g3 Be7 5. Bg2 Nf6 6. e5 Nd5 7. Nc3 Nxc3 8.
dxc3 Qc7 9. Bf4 h6 10. h4 b6 11. O-O-O Bb7 12. Rd2 O-O-O 13. Rhd1 Rhg8 14. h5
g5 15. hxg6 fxg6 16. Bxh6 g5 17. Qe3 Na5 18. Bf1 Bxf3 19. Qxf3 Nc6 20. Re1 Kb8
21. Qe4 Qxe5 22. Qxe5+ Nxe5 23. Rxe5 Rg6 24. Bxg5 Bxg5 25. f4 Bf6 26. Re3 Kc7
27. Bb5 Rg7 28. Red3 d6 29. Rh2 e5 30. Rh6 Rf8 31. Re3 exf4 32. gxf4 Bd8 33.
Re4 Rgf7 34. Re8 Be7 35. Re6 Bh4 36. Rxf8 Rxf8 37. Rh6 Be7 38. Rh7 Kd8 39. Kd2
Rxf4 40. Ke3 Rf5 41. Rh8+ Rf8 42. Rxf8+ 1/2-1/2

[Event "10. University wch femenino"]
[Site "Novokuznetsk RUS"]
[Date "2008.03.04"]
[Round "2.20"]
[White "Paridar, Shadi"]
[Black "Kovanova, Baira"]
[Result "1/2-1/2"]
[WhiteElo "2225"]
[BlackElo "2348"]
[PlyCount "118"]
[EventDate "2008.03.03"]
[EventType "swiss"]
[EventRounds "9"]
[EventCountry "RUS"]
[Source "lmi"]
[SourceDate "2008.03.03"]

1. e4 e5 2. Nf3 Nc6 3. Bc4 Bc5 4. c3 Nf6 5. d3 d6 6. Nbd2 a6 7. Bb3 Be6 8. h3
h6 9. Nf1 Ba7 10. Ng3 Qd7 11. Ba4 b5 12. Bc2 d5 13. Nd2 O-O 14. Qf3 Nh7 15. Nf5
Ng5 16. Qg4 Ne7 17. h4 Nxf5 18. exf5 Bxf5 19. Qg3 Nh7 20. Nf3 Qd6 21. O-O Rfe8
22. Re1 e4 23. Bf4 Qg6 24. Qxg6 Bxg6 25. h5 Bf5 26. Nh4 Bg4 27. dxe4 Nf6 28.
exd5 Nxd5 29. Bg3 Bxh5 30. a4 Bb6 31. Bb3 Nf6 32. a5 Rxe1+ 33. Rxe1 Bxa5 34.
Nf5 Re8 35. Rxe8+ Nxe8 36. Bd5 Bg4 37. Nd4 c5 38. Nb3 Bb6 39. Bb7 Be6 40. Nd2
Nc7 41. Ne4 Nd5 42. Bd6 b4 43. Bxa6 bxc3 44. bxc3 c4 45. Bxc4 Nxc3 46. Bd3 Nd5
47. Nc5 Bg4 48. Bc4 Nf6 49. Kf1 Bxc5 50. Bxc5 Be6 51. Bd3 Nd5 52. g3 f5 53. f4
Kf7 54. Kf2 Nf6 55. Bd4 Nd5 56. Be2 g5 57. Bh5+ Kf8 58. fxg5 hxg5 59. Bf3 Kf7
1/2-1/2

[Event "10. University wch femenino"]
[Site "Novokuznetsk RUS"]
[Date "2008.03.04"]
[Round "2.21"]
[White "Zhang, Jilin"]
[Black "Anhchimeg, Bayanmonh"]
[Result "1-0"]
[WhiteElo "2345"]
[BlackElo "2245"]
[PlyCount "61"]
[EventDate "2008.03.03"]
[EventType "swiss"]
[EventRounds "9"]
[EventCountry "RUS"]
[Source "lmi"]
[SourceDate "2008.03.03"]

1. e4 c5 2. Nf3 Nc6 3. Bb5 g6 4. Bxc6 dxc6 5. d3 Bg7 6. h3 e5 7. O-O Qe7 8. Nc3
Nf6 9. Be3 Nd7 10. Qd2 Nf8 11. Bh6 f6 12. Bxg7 Qxg7 13. Ne2 Ne6 14. c3 O-O 15.
d4 cxd4 16. cxd4 exd4 17. Nexd4 Nxd4 18. Qxd4 Be6 19. Rfd1 Qe7 20. Qe3 Rfe8 21.
Rd2 Bf7 22. Re1 b6 23. Qc3 Rac8 24. e5 fxe5 25. Rxe5 Qc7 26. Rde2 Rxe5 27. Nxe5
Bd5 28. Ng4 h5 29. Nh6+ Kh7 30. Qf6 Kxh6 31. Re7 1-0

[Event "10. University wch femenino"]
[Site "Novokuznetsk RUS"]
[Date "2008.03.04"]
[Round "2.22"]
[White "Springelkamp, Henriet"]
[Black "Mongontuul, Bathuyag"]
[Result "0-1"]
[WhiteElo "1992"]
[BlackElo "2389"]
[PlyCount "72"]
[EventDate "2008.03.03"]
[EventType "swiss"]
[EventRounds "9"]
[EventCountry "RUS"]
[Source "lmi"]
[SourceDate "2008.03.03"]

1. e4 c5 2. Nc3 Nc6 3. g3 g6 4. Bg2 Bg7 5. d3 Rb8 6. Be3 d6 7. f4 e6 8. Nf3
Nge7 9. Qd2 O-O 10. O-O b5 11. a3 a5 12. d4 b4 13. axb4 cxd4 14. Nxd4 Nxd4 15.
Bxd4 Bxd4+ 16. Qxd4 Rxb4 17. Qf6 Rxb2 18. Nd5 Rb7 19. Nxe7+ Rxe7 20. Rxa5 Qb6+
21. Kh1 Rc7 22. Ra2 Bb7 23. Rb2 Qe3 24. Rb3 Qe2 25. Qd4 Rxc2 26. Rg1 Bc6 27.
Re3 Qf2 28. Rd3 Qxd4 29. Rxd4 Ra8 30. Rb1 Raa2 31. Bf1 f5 32. Rc4 Bxe4+ 33. Kg1
Rxh2 34. Rb8+ Kg7 35. Rc7+ Kh6 36. Rh8 Rh1# 0-1

[Event "10. University wch femenino"]
[Site "Novokuznetsk RUS"]
[Date "2008.03.04"]
[Round "2.23"]
[White "Dagiisuren, Jargalsaikhan"]
[Black "Seps, Monika"]
[Result "0-1"]
[WhiteElo "2045"]
[BlackElo "2264"]
[PlyCount "100"]
[EventDate "2008.03.03"]
[EventType "swiss"]
[EventRounds "9"]
[EventCountry "RUS"]
[Source "lmi"]
[SourceDate "2008.03.03"]

1. e4 c5 2. Nf3 d6 3. d4 cxd4 4. Nxd4 Nf6 5. Nc3 a6 6. a4 e5 7. Nb3 Be7 8. Be2
O-O 9. Be3 Be6 10. O-O d5 11. exd5 Nxd5 12. Nxd5 Bxd5 13. Nd2 Nd7 14. Nc4 Be6
15. f4 Qc7 16. Nxe5 Nxe5 17. fxe5 Qxe5 18. Bd4 Bc5 19. Bxc5 Qxc5+ 20. Kh1 Rad8
21. Bd3 Rd4 22. Qe2 Rh4 23. Rf2 Qd6 24. h3 Qc6 25. Kg1 Rxa4 26. Rxa4 Qxa4 27.
Qh5 g6 28. Qe5 Qd7 29. h4 Re8 30. Re2 Rd8 31. Re4 Bg4 32. Qg5 Bf5 33. Re3 Be6
34. h5 Qd4 35. hxg6 hxg6 36. Bxg6 Rd5 37. Bf5+ Kf8 38. Qh6+ Ke7 39. Bxe6 Re5
40. Kf2 Rxe6 41. Qg5+ Kd7 42. Ke2 Rxe3+ 43. Qxe3 Qxb2 44. Qd3+ Ke6 45. g4 Qe5+
46. Kf2 Qf4+ 47. Ke1 Qxg4 48. Qb3+ Ke5 49. Qc3+ Kd6 50. Qb4+ Qxb4+ 0-1

[Event "10. University wch femenino"]
[Site "Novokuznetsk RUS"]
[Date "2008.03.04"]
[Round "2.24"]
[White "Coelho, Tatiane Cristina"]
[Black "Kharashuta, Ekaterina"]
[Result "1-0"]
[WhiteElo "1799"]
[BlackElo "2222"]
[PlyCount "71"]
[EventDate "2008.03.03"]
[EventType "swiss"]
[EventRounds "9"]
[EventCountry "RUS"]
[Source "lmi"]
[SourceDate "2008.03.03"]

1. d4 Nf6 2. Nf3 g6 3. Nbd2 Bg7 4. e4 d6 5. Bc4 O-O 6. O-O Nc6 7. Re1 Nd7 8.
Nb3 Nb6 9. Bb5 a5 10. Bxc6 bxc6 11. a3 Bg4 12. c3 h6 13. h3 Be6 14. Nbd2 a4 15.
Qe2 Qc8 16. Nh2 Ra5 17. g4 h5 18. f4 hxg4 19. hxg4 c5 20. d5 Bd7 21. f5 c6 22.
Nc4 Nxc4 23. Qxc4 cxd5 24. Qxd5 Bc6 25. Qd3 Qa6 26. Qh3 Rb8 27. Nf3 Qd3 28. Re3
Qd1+ 29. Re1 Qc2 30. Ng5 Rab5 31. fxg6 Bd7 32. gxf7+ Kf8 33. Qh7 e6 34. Qg8+
Ke7 35. Qxg7 Rf8 36. Rf1 1-0

[Event "10. University wch femenino"]
[Site "Novokuznetsk RUS"]
[Date "2008.03.04"]
[Round "2.25"]
[White "Imanbaeva, Aigul"]
[Black "Tajik, Sareh"]
[Result "0-1"]
[WhiteElo "2205"]
[BlackElo "1992"]
[PlyCount "64"]
[EventDate "2008.03.03"]
[EventType "swiss"]
[EventRounds "9"]
[EventCountry "RUS"]
[Source "lmi"]
[SourceDate "2008.03.03"]

1. e4 c5 2. Nf3 d6 3. d4 cxd4 4. Nxd4 Nf6 5. Nc3 g6 6. Be2 Bg7 7. O-O Nc6 8.
Be3 O-O 9. f4 Qb6 10. Qd2 Nxe4 11. Nxe4 Nxd4 12. c3 Nxe2+ 13. Qxe2 Qc6 14. Ng3
h5 15. Qf2 h4 16. Ne2 h3 17. gxh3 Bxh3 18. Rfe1 e5 19. Qg3 Qd7 20. Kf2 Rac8 21.
Ng1 Bf5 22. Nf3 Qb5 23. Re2 Rfe8 24. Rae1 Re6 25. Nh4 Bd3 26. Rd2 exf4 27. Bxf4
Rxe1 28. Kxe1 Re8+ 29. Kd1 Bb1 30. Qf2 Bxa2 31. Re2 Rxe2 32. Qxe2 Qa4+ 0-1

[Event "10. University wch femenino"]
[Site "Novokuznetsk RUS"]
[Date "2008.03.04"]
[Round "2.26"]
[White "Cheremnova, Tamara"]
[Black "Hemmatizadeh, Nina"]
[Result "1-0"]
[WhiteElo "2156"]
[BlackElo "1915"]
[PlyCount "61"]
[EventDate "2008.03.03"]
[EventType "swiss"]
[EventRounds "9"]
[EventCountry "RUS"]
[Source "lmi"]
[SourceDate "2008.03.03"]

1. d4 Nf6 2. c4 c5 3. d5 b5 4. cxb5 a6 5. f3 Qa5+ 6. Bd2 Qxb5 7. Bc3 d6 8. e4
Qb6 9. Nd2 g6 10. Nc4 Qa7 11. Ne2 Bg7 12. Ng3 O-O 13. Be2 Nbd7 14. O-O Nb6 15.
Qc2 Nxc4 16. Bxc4 e6 17. f4 Qe7 18. Rad1 Ng4 19. Bxg7 Qh4 20. h3 Ne3 21. Qf2
Nxd1 22. Rxd1 Rd8 23. Bc3 Qe7 24. dxe6 Bxe6 25. Bd5 Bxd5 26. Rxd5 h6 27. f5 Rd7
28. f6 Qe6 29. Qf4 Kh7 30. Bd2 g5 31. Rxg5 1-0

[Event "10. University wch femenino"]
[Site "Novokuznetsk RUS"]
[Date "2008.03.05"]
[Round "3.17"]
[White "Dauletova, Gulmira"]
[Black "Zhang, Jilin"]
[Result "0-1"]
[WhiteElo "2261"]
[BlackElo "2345"]
[PlyCount "76"]
[EventDate "2008.03.03"]
[EventType "swiss"]
[EventRounds "9"]
[EventCountry "RUS"]
[Source "lmi"]
[SourceDate "2008.03.03"]

1. e4 c5 2. Nf3 e6 3. d4 cxd4 4. Nxd4 a6 5. Bd3 Nf6 6. O-O d6 7. c4 b6 8. Nc3
Bb7 9. f4 Be7 10. Qe2 O-O 11. Be3 Nc6 12. Rfd1 Qc7 13. Rac1 Nxd4 14. Bxd4 Rac8
15. b4 Nd7 16. a3 Rfd8 17. Qf2 Bf6 18. Be3 Re8 19. Na4 Bd8 20. Bd4 Bc6 21. b5
Bb7 22. e5 dxe5 23. fxe5 Nc5 24. Nxc5 bxc5 25. Bc3 Bg5 26. Rb1 Red8 27. Qg3 Qe7
28. Bc2 f5 29. Rd6 Ra8 30. Rbd1 axb5 31. cxb5 Bd5 32. a4 f4 33. Qh3 g6 34. Bxg6
f3 35. R1xd5 Be3+ 36. Kh1 exd5 37. Bxh7+ Qxh7 38. Qg4+ Kh8 0-1

[Event "10. University wch femenino"]
[Site "Novokuznetsk RUS"]
[Date "2008.03.05"]
[Round "3.18"]
[White "Kovanova, Baira"]
[Black "Yanjindulam, Dulamsuren"]
[Result "1/2-1/2"]
[WhiteElo "2348"]
[BlackElo "2256"]
[PlyCount "75"]
[EventDate "2008.03.03"]
[EventType "swiss"]
[EventRounds "9"]
[EventCountry "RUS"]
[Source "lmi"]
[SourceDate "2008.03.03"]

1. e4 c5 2. Nf3 d6 3. g3 g6 4. Bg2 Bg7 5. O-O Nc6 6. c3 e5 7. d3 Nf6 8. h3 d5
9. Qe2 d4 10. c4 O-O 11. Nh4 Nh5 12. Nd2 Nf4 13. gxf4 Qxh4 14. fxe5 Bxh3 15. f4
Bh6 16. Bxh3 Qxh3 17. Qf3 Qh4 18. Kg2 Nb4 19. Nb3 Nc2 20. Rh1 Qe7 21. Rb1 Bg7
22. a3 f6 23. exf6 Rxf6 24. Qe2 Ne3+ 25. Bxe3 dxe3 26. Qxe3 b6 27. Rbf1 Rd8 28.
e5 Rfd6 29. Nc1 Rd4 30. Qh3 Bxe5 31. fxe5 Qg5+ 32. Kf2 Qd2+ 33. Kg1 Qg5+ 34.
Kf2 Qd2+ 35. Kg1 Qg5+ 36. Kf2 Qd2+ 37. Kg1 Qg5+ 38. Kf2 1/2-1/2

[Event "10. University wch femenino"]
[Site "Novokuznetsk RUS"]
[Date "2008.03.05"]
[Round "3.20"]
[White "Bensdorp, Marlies"]
[Black "Paridar, Shadi"]
[Result "1/2-1/2"]
[WhiteElo "2259"]
[BlackElo "2225"]
[PlyCount "107"]
[EventDate "2008.03.03"]
[EventType "swiss"]
[EventRounds "9"]
[EventCountry "RUS"]
[Source "lmi"]
[SourceDate "2008.03.03"]

1. d4 c5 2. d5 e5 3. e4 d6 4. c4 Be7 5. Bd3 Bg5 6. Nd2 Ne7 7. Ne2 Ng6 8. Rb1 a5
9. b3 Qf6 10. Bb2 Nh4 11. Rg1 Qh6 12. Ng3 g6 13. Bc1 O-O 14. Ngf1 f5 15. g3
fxe4 16. gxh4 Bxd2+ 17. Qxd2 Qxd2+ 18. Bxd2 exd3 19. Bh6 Rf3 20. Ng3 Bf5 21.
Nxf5 Rxf5 22. Rg3 Nd7 23. Rxd3 Nf6 24. Rg3 Re8 25. Rb2 Re7 26. Re2 Rf7 27. Bd2
b6 28. Bg5 Kg7 29. Rg2 h6 30. Bxf6+ R7xf6 31. Rg3 h5 32. Rge3 Rf3 33. Kf1 Rxe3
34. Rxe3 Rf4 35. Rh3 Kf6 36. Ke2 Kf5 37. Rf3 Ke4 38. Rg3 Kf5 39. Rf3 e4 40. Rh3
Rg4 41. Kf1 Kf4 42. Ke2 Kf5 43. Kf1 Ke5 44. Ke2 Kd4 45. Rg3 a4 46. Rxg4 hxg4
47. Kd2 a3 48. Ke2 Kc3 49. Ke3 Kb2 50. Kd2 Kb1 51. Kd1 Kb2 52. Kd2 Ka1 53. Kc1
Kxa2 54. Kc2 1/2-1/2

[Event "10. University wch femenino"]
[Site "Novokuznetsk RUS"]
[Date "2008.03.05"]
[Round "3.21"]
[White "Salman, Mahini Mona"]
[Black "Pogonina, Natalija"]
[Result "0-1"]
[WhiteElo "2085"]
[BlackElo "2476"]
[PlyCount "86"]
[EventDate "2008.03.03"]
[EventType "swiss"]
[EventRounds "9"]
[EventCountry "RUS"]
[Source "lmi"]
[SourceDate "2008.03.03"]

1. e4 c5 2. Nf3 d6 3. d4 cxd4 4. Qxd4 a6 5. c4 Nc6 6. Qd2 Nf6 7. Nc3 g6 8. Be2
Bg7 9. h3 O-O 10. O-O Bd7 11. Rb1 Rb8 12. Re1 Qc7 13. b3 Rfc8 14. Bb2 Qa5 15.
a3 Be8 16. Bf1 Nd7 17. b4 Qd8 18. Nd5 Nce5 19. Nxe5 Nxe5 20. Rbc1 e6 21. Ne3
Qg5 22. Kh1 Bc6 23. Qd4 Qh6 24. b5 Be8 25. Qxd6 Rd8 26. Qb4 Qf4 27. f3 h5 28.
Qc3 Bf6 29. Qa5 Nxf3 30. gxf3 Bxb2 31. Rc2 Bd4 32. Qd2 Qxf3+ 33. Qg2 Qf4 34.
Rf2 Qe5 35. Qf3 axb5 36. cxb5 Rbc8 37. Nc4 Rxc4 38. Bxc4 Bxf2 39. Qxf2 Bxb5 40.
Bxb5 Qxb5 41. Qf6 Qd3 42. Qh4 Qf3+ 43. Kg1 Rd2 0-1

[Event "10. University wch femenino"]
[Site "Novokuznetsk RUS"]
[Date "2008.03.05"]
[Round "3.23"]
[White "Seps, Monika"]
[Black "Coelho, Tatiane Cristina"]
[Result "1-0"]
[WhiteElo "2264"]
[BlackElo "1799"]
[PlyCount "51"]
[EventDate "2008.03.03"]
[EventType "swiss"]
[EventRounds "9"]
[EventCountry "RUS"]
[Source "lmi"]
[SourceDate "2008.03.03"]

1. e4 e6 2. d4 d5 3. Nd2 dxe4 4. Nxe4 Be7 5. Nf3 Nd7 6. Bd3 Ngf6 7. c3 O-O 8.
O-O b6 9. Re1 Bb7 10. Nxf6+ Nxf6 11. Bg5 Rc8 12. Bc2 c5 13. Qd3 g6 14. Rad1
cxd4 15. Bh6 Re8 16. Nxd4 Qd5 17. Qh3 Qxa2 18. Bb3 Qxb2 19. Bxe6 Bf8 20. Bxc8
Rxc8 21. Bxf8 Kxf8 22. Qh6+ Kg8 23. Nf5 gxf5 24. Qg5+ Kf8 25. Qxf6 Qxc3 26.
Rd8+ 1-0

[Event "10. University wch femenino"]
[Site "Novokuznetsk RUS"]
[Date "2008.03.05"]
[Round "3.24"]
[White "Anhchimeg, Bayanmonh"]
[Black "Springelkamp, Henriet"]
[Result "1-0"]
[WhiteElo "2245"]
[BlackElo "1992"]
[PlyCount "95"]
[EventDate "2008.03.03"]
[EventType "swiss"]
[EventRounds "9"]
[EventCountry "RUS"]
[Source "lmi"]
[SourceDate "2008.03.03"]

1. e4 c6 2. d4 d5 3. Nc3 dxe4 4. Nxe4 Bf5 5. Ng3 Bg6 6. h4 h6 7. Nf3 Nd7 8. h5
Bh7 9. Bd3 Bxd3 10. Qxd3 e6 11. Bf4 Qa5+ 12. Bd2 Bb4 13. c3 Be7 14. Ne4 Ngf6
15. c4 Qc7 16. Nxf6+ Nxf6 17. O-O-O O-O-O 18. Qe2 Bd6 19. Kb1 Rhe8 20. Bc3 Qe7
21. Ne5 Nd7 22. Ba5 Bc7 23. Bxc7 Kxc7 24. Nxd7 Kxd7 25. Qg4 Qf6 26. Rh3 Qf5+
27. Qxf5 exf5 28. Rd2 Re4 29. Kc2 Ke6 30. Kc3 Kf6 31. g3 Rde8 32. Kd3 Kg5 33.
Rh1 Re1 34. Rh4 R1e4 35. Rh1 Kg4 36. d5 cxd5 37. cxd5 Kf3 38. Rc1 Rd8 39. Rc3
Kg4 40. Kc2 Re7 41. d6 Red7 42. Rc7 Kxh5 43. Rxd7 Rxd7 44. Kc3 Kg5 45. Kc4 f4
46. Kd5 fxg3 47. fxg3 f5 48. Ke6 1-0